000 00675nam a2200217Ia 4500
003 GCL
008 140319s9999 xx 000 0 ara d
040 _aGCL /
_cGCL
082 0 4 _a811.1
_bم ظ
100 1 _aمنى يوسف خليفة
245 1 0 _aظاهرة الاغتراب عند شعراء المعلقات /
_cمنى يوسف خليفة
260 _a[S.N] :
_bدار الثقافة للنشر والتوزيع ،
_c1991
300 _a119 ص
490 _a
650 0 4 _aالشعر العربى
650 0 4 _aالادب العربى
650 0 4 _aالعصر الجاهلى
650 0 4 _aالمعلقات
650 0 4 _aتاريخ ونقد
942 _2ddc
_cBK
999 _c33402
_d33402